000 00473nam a2200145Ia 4500
008 151213s9999 xx 000 0 und d
100 _aরশীদ করীম।
245 _aআর এক দৃষ্টিকোণ।
_cরশীদ করীম।
260 _aঢাকা
_bবাংলা একাডেমী।
_c1989
300 _a8825 p.
650 _aBangla
650 _aসাহিত্য।
700 _aরশীদ করীম।
999 _c4610
_d4610